Statistics for Island capitals of non-island countries

Click here to take the quiz!

General Stats

  • This quiz has been taken 402 times
    (325 since last reset)
  • The average score is 3 of 6

Answer Stats

Capital, Country% Correct
Copenhagen, Denmark
86%
Malabo, Equatorial Guinea
72%
Abu Dhabi, United Arab Emirates
37%
Amsterdam, The Netherlands
24%
Banjul, The Gambia
16%
Dhaka, Bangladesh
16%

Score Distribution

Percentile by Number Answered

Percent of People with Each Score

Your Score History

You have not taken this quiz since the last reset